| 000 | 00504 a2200205 4500 | ||
|---|---|---|---|
| 001 | 066033 | ||
| 003 | OSt | ||
| 005 | 20251212160234.0 | ||
| 008 | |||
| 082 |
_a510.3 _bW43C |
||
| 245 | 1 |
_aCRC Encyclopedia of mathematics _cBy Eric W. Weisstein |
|
| 260 |
_aNew Delhi _bCRC Press _c2009 |
||
| 300 | _a3v.(4307p.) | ||
| 500 | _a319 v.1; 320 v.2; 321 v.3 | ||
| 546 | _aEnglish | ||
| 690 | _aMathematics | ||
| 700 | _aWeisstein | ||
| 700 | _aEric W | ||
| 942 |
_2ddc _cBK |
||
| 999 |
_c239 _d239 |
||